000 00512nam a2200169Ia 4500
003 SGT
020 _a9780070151291
082 _a671.2
_bJAI
100 _aJain, P.L.
245 _aPrinciples of foundry technology
250 _a5th . Ed.
260 _bTata McGraw Hill Education Private Limited
_aNew Delhi
_c2012
300 _a454p.
650 _aMECHANICAL ENGINEERING
653 _aTECHNOLOGY OF PATTERN MAKING,TECHNOLOGY OF MOLDING AND CO REMAKING, APPLICATION OF CAD/CAM IN FOUNDRIES
942 _2ddc
_cBK
999 _c5422
_d5422